Văn hóa Đông Nam Á

Nêu khái quát toàn bộ khu vực Đông Nam á với nhiều phương diện văn hóa, cả theo cấu trúc lẫn diễn trình lịch sử như: Tiến trình lịch sử văn hoá Đông Nam á; các thành tố của văn hoá Đông Nam á......

Descripció completa

Guardat en:
Dades bibliogràfiques
Autor principal: Mai, Ngọc Chừ
Format: Llibre
Idioma:Undetermined
Publicat: Hà Nội Đại học Quốc gia Hà Nội 1999
Matèries:
Etiquetes: Afegir etiqueta
Sense etiquetes, Sigues el primer a etiquetar aquest registre!
Thư viện lưu trữ: Trung tâm Học liệu Trường Đại học Cần Thơ
LEADER 00917nam a2200205Ia 4500
001 CTU_37115
008 210402s9999 xx 000 0 und d
082 |a 305.895 
082 |b Ch550 
100 |a Mai, Ngọc Chừ 
245 0 |a Văn hóa Đông Nam Á 
245 0 |c Mai Ngọc Chừ 
260 |a Hà Nội 
260 |b Đại học Quốc gia Hà Nội 
260 |c 1999 
520 |a Nêu khái quát toàn bộ khu vực Đông Nam á với nhiều phương diện văn hóa, cả theo cấu trúc lẫn diễn trình lịch sử như: Tiến trình lịch sử văn hoá Đông Nam á; các thành tố của văn hoá Đông Nam á... 
650 |a Cultures,Nền văn hóa 
650 |z South East Asia,Đông Nam Á 
904 |i Q. Hiếu (sửa), trọng Hiếu 
980 |a Trung tâm Học liệu Trường Đại học Cần Thơ